| 000 | 00417nam a2200157Ia 4500 | ||
|---|---|---|---|
| 008 | 240729s9999 xx 000 0 und d | ||
| 022 | _a2535-0765 | ||
| 245 | 0 | _aScience & Research | |
| 260 | _aBulgaria | ||
| 260 | _bUnion of Scientists - Stara Zagora | ||
| 650 | _a Biology (General) | ||
| 650 | _aScience | ||
| 856 | _uhttps://doaj.org/toc/1263eb7880aa4c64817f18c11b6f889b | ||
| 942 | _2ddc | ||
| 942 | _cDOAJEJ | ||
| 999 |
_c69228 _d69228 |
||
| 945 |
_a1 _bMadushi Gamage _c1 _dMadushi Gamage |
||